Statistics for All 100k+ Cities in the Arab World on a Map

Click here to take the quiz!

General Stats

  • This quiz has been taken 359 times
  • The average score is 76 of 310

Answers on the Map

Answers color-coded by a green-red scale on the quiz's map according to % correct below.
 

Answer Stats

FlagCountryPopCities% Correct
Egypt9,293 kCairo
96%
Saudi Arabia5,188 kRiyadh
95%
Egypt5,107 kAlexandria
94%
United Arab Emirates3,386 kDubai
94%
Iraq100 kIskandariya
94%
Lebanon229 kTripoli
94%
Libya2,220 kTripoli
94%
United Arab Emirates1,807 kAbu Dhabi
93%
Morocco3,359 kCasablanca
93%
Algeria3,915 kAlgiers
92%
Yemen2,545 kSana'a
92%
Iraq6,719 kBaghdad
91%
Lebanon1,916 kBeirut
91%
Syria1,552 kDamascus
91%
Saudi Arabia1,534 kMecca
91%
Sudan1,012 kKhartoum North
90%
Morocco577 kRabat
90%
Tunisia638 kTunis
90%
Saudi Arabia3,430 kJeddah
89%
Sudan1,410 kKhartoum
89%
Syria2,132 kAleppo
87%
Jordan4,061 kAmman
87%
Saudi Arabia1,100 kMedina
87%
Qatar587 kDoha
86%
Qatar364 kDoha Industrial Area
86%
Kuwait406 kJanub al-Kuwait
86%
Morocco1,112 kFez
84%
Morocco928 kMarrakesh
82%
Iraq1,361 kMosul
80%
Libya1,501 kBenghazi
79%
Bahrain436 kManama
77%
Palestine566 kGaza
76%
Mauritania1,195 kNouakchott
76%
Egypt250 kLuxor
74%
Yemen863 kAden
73%
Algeria803 kOran
73%
Egypt740 kSuez
73%
Morocco947 kTangier
73%
Iraq1,340 kBasra
72%
Egypt4,212 kGiza
72%
Egypt760 kPort Said
72%
Saudi Arabia903 kDammam
67%
Iraq879 kErbil
65%
Sudan394 kPort Sudan
63%
Tunisia330 kSfax
62%
Egypt337 kAswan
59%
Syria652 kHoms
58%
Morocco421 kAgadir
55%
Iraq972 kKirkuk
53%
United Arab Emirates1,405 kSharjah
52%
Jordan171 kAqaba
49%
Algeria448 kConstantine
49%
Tunisia221 kSousse
47%
Morocco217 kLaayoune
45%
Syria383 kLatakia
42%
Sudan1,849 kOmdurman
41%
Lebanon163 kSidon
41%
Lebanon135 kTyre
41%
Syria220 kRaqqa
37%
Lebanon100 kAley
35%
Morocco632 kMeknes
35%
Oman293 kSalalah
34%
Yemen615 kTaiz
34%
Libya550 kMisrata
33%
Syria312 kHama
32%
Egypt195 kHurghada
32%
Egypt480 kAsyut
31%
Iraq676 kSulaymaniyah
31%
Egypt289 kDamietta
30%
Iraq747 kNajaf
29%
Egypt302 kNew Cairo
29%
Morocco380 kTetouan
29%
United Arab Emirates766 kAl Ain
28%
Tunisia139 kKairouan
28%
Morocco494 kOujda
28%
Saudi Arabia512 kTabuk
28%
Jordan735 kZarqa
28%
Algeria257 kAnnaba
27%
Iraq250 kFallujah
27%
Egypt489 kFayoum
27%
Jordan582 kIrbid
27%
Egypt570 kMansoura
27%
Palestine208 kHebron
26%
Morocco890 kSalé
26%
Saudi Arabia579 kTa'if
26%
Iraq711 kKarbala
25%
Egypt355 k6th October City
24%
Palestine149 kNablus
24%
Egypt528 kTanta
24%
Syria115 kTartus
24%
Algeria140 kTlemcen
24%
Libya172 kTobruk
24%
Tunisia136 kBizerte
23%
Morocco106 kDakhla
23%
Saudi Arabia310 kHa'il
23%
Iraq108 kTikrit
23%
Tunisia130 kGabès
22%
Egypt397 kIsmaïlia
22%
Morocco431 kKenitra
22%
Mauritania118 kNouadhibou
22%
Egypt241 kQena
22%
Palestine158 kRafah
22%
Oman470 kSeeb
22%
Yemen548 kAl-Hudaydah
21%
Egypt123 kNasser
21%
Sudan492 kNyala
21%
Egypt1,187 kShubra el-Kheima
21%
Lebanon122 kBaalbek
20%
Egypt153 kMersa Matruh
19%
Morocco308 kSafi
19%
Egypt226 k10th of Ramadan
18%
Algeria205 kBiskra
18%
Syria211 kDeir ez-Zor
18%
Saudi Arabia660 kHofuf
18%
Morocco161 kNador
18%
Saudi Arabia298 kNajran
18%
Algeria288 kSétif
18%
Qatar589 kAl-Rayyan
17%
Egypt191 kArish
17%
Algeria290 kBatna
17%
Algeria177 kBéjaïa
17%
Yemen212 kIbb
17%
Egypt248 kSohag
17%
Egypt246 kBeni Suef
16%
Saudi Arabia467 kBuraidah
16%
Sudan345 kEl Obeid
16%
Palestine179 kKhan Yunis
16%
Iraq389 kKut
16%
Morocco208 kMohammedia
16%
Iraq558 kNasiriyah
16%
Iraq223 kRamadi
16%
Iraq527 kAmarah
15%
Egypt278 kDamanhur
15%
Libya150 kDerna
15%
Algeria134 kEl-Oued
15%
Yemen182 kMukalla
15%
Saudi Arabia167 kArar
14%
Algeria163 kBlida
14%
Algeria178 kChlef
14%
Iraq340 kDohuk
14%
Egypt543 kEl-Mahalla el-Kubra
14%
Iraq455 kHillah
14%
Saudi Arabia127 kJizan
14%
Saudi Arabia219 kKhobar
14%
Egypt254 kMinya
14%
Syria184 kQamishli
14%
Libya103 kSabha
14%
Algeria128 kSaïda
14%
Algeria212 kSidi bel Abbès
14%
Saudi Arabia233 kYanbu
14%
Saudi Arabia236 kAbha
13%
Jordan110 kAl-Jizah
13%
Algeria289 kDjelfa
13%
Morocco194 kEl-Jadida
13%
Sudan298 kKassala
13%
Egypt110 kRosetta
13%
Iraq144 kSamarra
13%
Egypt396 kZagazig
13%
Syria188 kAl-Hasakah
12%
Kuwait452 kAl-Jahra
12%
Tunisia114 kAriana
12%
Algeria165 kBéchar
12%
Morocco192 kBeni Mellal
12%
Iraq403 kDiwaniyah
12%
Algeria134 kJijel
12%
Saudi Arabia430 kKhamis Mushait
12%
Algeria108 kMascara
12%
Algeria163 kSkikda
12%
Oman219 kSohar
12%
Algeria135 kTizi Ouzou
12%
Sudan217 kAl-Fashir
11%
Saudi Arabia234 kAl-Kharj
11%
Iraq279 kBaqubah
11%
Algeria168 kBordj Bou Arreridj
11%
Morocco118 kGuelmim
11%
Kuwait957 kHawally
11%
Saudi Arabia337 kJubail
11%
Morocco196 kKhouribga
11%
Algeria144 kLaghouat
11%
Algeria145 kMostaganem
11%
Algeria133 kOuargla
11%
Saudi Arabia118 kQatif
11%
Bahrain195 kRiffa
11%
Jordan547 kRusseifa
11%
Saudi Arabia150 kSakakah
11%
Algeria196 kTébessa
11%
Lebanon260 kZahlé
11%
Libya209 kBayda
10%
Saudi Arabia120 kDhahran
10%
Egypt133 kEl-Ubour
10%
Tunisia105 kGafsa
10%
Saudi Arabia271 kHafar al-Batin
10%
Palestine165 kJabalia
10%
Algeria138 kMédéa
10%
Kuwait250 kMubarak al-Kabir
10%
Algeria201 kTiaret
10%
Iraq211 kZakho
10%
Morocco171 kAït Melloul
9%
Libya160 kAjdabiya
9%
Sudan112 kAtbara
9%
Egypt174 kBenha
9%
Syria110 kDouma
9%
Sudan269 kGedaref
9%
Algeria120 kGuelma
9%
Morocco130 kInezgane
9%
Egypt182 kKafr el-Sheikh
9%
Algeria108 kKhenchela
9%
Morocco117 kKhenifra
9%
Iraq171 kKufa
9%
Morocco125 kLarache
9%
Jordan122 kMafraq
9%
Bahrain176 kMuharraq
9%
Morocco148 kTaza
9%
Morocco313 kTemara
9%
Libya234 kZawiya
9%
Libya158 kZliten
9%
Jordan115 kAl-Salt
8%
Iraq300 kAz-Zubayr
8%
Yemen146 kDhamar
8%
Sudan134 kGeneina
8%
Lebanon115 kJounieh
8%
Morocco131 kKhemisset
8%
Sudan213 kKosti
8%
Jordan122 kMadaba
8%
Egypt190 kMallawi
8%
Algeria130 kRelizane
8%
Iraq221 kSamawah
8%
Sudan123 kSennar
8%
Algeria155 kSouk Ahras
8%
Sudan289 kWad Madani
8%
Sudan136 kAd-Damazin
7%
Jordan180 kAr Ramtha
7%
Morocco103 kBouskoura
7%
Egypt139 kDesouk
7%
Egypt154 kEdku
7%
Egypt140 kGirga
7%
Egypt468 kKhusus
7%
Egypt103 kKom Ombo
7%
Algeria156 kM'Sila
7%
Egypt149 kQalyub
7%
Sudan123 kRabak
7%
Egypt127 kSamalut
7%
Morocco142 kSettat
7%
Egypt249 kShibin el-Kom
7%
Egypt124 kTahta
7%
Saudi Arabia152 kUnaizah
7%
Algeria118 kAïn Beïda
6%
Egypt140 kAkhmim
6%
Egypt170 kBilbeis
6%
Algeria125 kBou Saâda
6%
Algeria155 kEl-Eulma
6%
Morocco126 kEl-Ksar el-Kebir
6%
Kuwait892 kFarwaniya
6%
Kuwait264 kFirdous
6%
Egypt112 kKafr el-Dawwar
6%
Egypt140 kMit Ghamr
6%
Saudi Arabia116 kQurayyat
6%
Iraq131 kSoran
6%
Algeria102 kAflou
5%
Algeria101 kAïn Oussera
5%
Iraq126 kAl-Qurnah
5%
Iraq182 kAl-Shatrah
5%
Egypt125 kBelqas
5%
Morocco109 kBerkane
5%
Morocco136 kBerrechid
5%
Tunisia104 kEl-Mourouj
5%
Libya187 kGharyan
5%
Iraq145 kKelar
5%
Egypt107 kManfalut
5%
Kuwait337 kMangaf
5%
Algeria102 kMessaâd
5%
Oman230 kMuttrah
5%
Iraq172 kTal Afar
5%
Iraq203 kAbu al-Khaseeb
4%
Egypt142 kAbu Kabir
4%
Egypt149 kAl-Hawamidiyah
4%
Qatar138 kAl-Shahaniya
4%
Algeria104 kBarika
4%
Morocco151 kDar Bouazza
4%
Morocco100 kDcheira El Jihadia
4%
Sudan137 kEd-Dueim
4%
Egypt101 kEl-Fashn
4%
Egypt148 kEl-Matareya
4%
Kuwait516 kFintas
4%
Morocco102 kFquih Ben Salah
4%
Egypt106 kMaghagha
4%
Algeria114 kMaghnia
4%
Iraq101 kMahmoudiyah
4%
Egypt117 kMenouf
4%
Jordan196 kSahab
4%
Egypt125 kSinnuris
4%
Egypt103 kTalkha
4%
Morocco103 kTaourirt
4%
Iraq102 kTuz Khurmatu
4%
Egypt101 kAbnub
3%
Saudi Arabia148 kAl-Hawiyah
3%
Qatar165 kAl-Wukair
3%
Egypt115 kAshmoun
3%
Oman362 kBawshar
3%
Egypt103 kBeni Mazar
3%
Egypt116 kEl-Manzala
3%
Egypt113 kEl-Senbellawein
3%
Tunisia142 kEttadhamen
3%
Egypt107 kFaqous
3%
Egypt132 kKerdasa
3%
Iraq132 kShatt al-Arab
3%
Iraq131 kSuq al-Shuyukh
3%
Egypt102 kZefta
3%
Qatar100 kAl-Thakhira
2%
Saudi Arabia238 kAl-Thuqbah
2%

Score Distribution

Percentile by Number Answered

Percent of People with Each Score

Your Score History

You have not taken this quiz